Analýza výsledku hospodárenia v konkrétnej komerčnej poisťovni diplomová práca

Na minha lista:
Detalhes bibliográficos
Autor principal: Dobšovič, Ondrej
Autor Corporativo: Fakulta hospodárskej informatiky EU. Katedra účtovníctva a audítorstva
Outros Autores: Juhászová, Zuzana, 1970-
Formato: Livro
Idioma:eslovaco
Publicado em: Bratislava 2009
Tags: Adicionar Tag
Sem tags, seja o primeiro a adicionar uma tag!

MARC

LEADER 00000nam$a2200000$$$4500
001 0097389
005 20240318134604.8
041 0 |a slo 
044 |a SK 
245 1 0 |a Analýza výsledku hospodárenia v konkrétnej komerčnej poisťovni  |b diplomová práca  |c Ondrej Dobšovič ; škol. Zuzana Juhászová 
264 1 |a Bratislava  |c 2009 
300 |a 69 s. 
100 1 |a Dobšovič, Ondrej 
700 1 |a Juhászová, Zuzana, 1970- 
710 2 |a Fakulta hospodárskej informatiky EU. Katedra účtovníctva a audítorstva